Normal view
MARC view
- Roig de Leuchsenring, Emilio,
Entry Nombre Personal
001 - NUMERO DE CONTROL
- campo de control: 52492
003 - IDENTIFICADOR DE NUMERO DE CONTROL
- campo de control: MX-MxUPN
005 - FECHA Y HORA DE LA ÜLTIMA TRANSACCIÓN
- campo de control: 20240620164424.0
008 - DATOS DE LONGITUD FIJA
- campo de control de longitud fija: 240620|| aca||aabn | aaa d
035 ## - NUMERO DE CONTROL
- Número de control: (OCoLC)oca00957387
040 ## - FUENTE DE CATALOGACIÓN
- Agencia original de catalogación: DLC
- Lenguaje de catalogación: spa
- Agencia de transcripción: DLC
- Agencia que lo modifica: DLC
- Agencia que lo modifica: OCoLC
- Agencia que lo modifica: MX-MxUPN
100 1# - ENCABEZAMIENTO - NOMBRE PERSONAL
- Nombre personal: Roig de Leuchsenring, Emilio,
- Fechas asociadas con el nombre: 1889-1964
370 ## - LUGAR ASOCIADO
- Fuente del término: $naf
- Place of birth: Habana (Cuba)
- Place of death: Habana (Cuba)
372 ## - CAMPO DE ACTIVIDAD
- Field of activity: Historia
- Field of activity: Bibliotecólogo
373 ## - GRUPO ASOCIADO
- Associated group: Oficina del Historiador de la Ciudad de La Habana
- Start period: 1935
- Fuente del término: $naf
373 ## - GRUPO ASOCIADO
- Associated group: Biblioteca Francisco González del Valle
374 ## - OCUPACIÓN
- Occupation: Historiador
- Occupation: Bibliotecólogo
670 ## - FUENTE EN LA QUE SE LOCALIZARON DATOS
- Cita de la fuente: Autoridades LC, 20 junio 2024 :
- Información localizada: (Roig de Leuchsenring, Emilio, 1889-1964)
- Uniform Resource Identifier: https://lccn.loc.gov/n83121281
902 ## - CATALOGADOR
- Catalogador: MaríaRobles/200624
